[Event "Voronezh Region Chess Club Championship 2011"]
[Site "Voronezh (Russia)"]
[Date "2011.11.22"]
[Round "1.1"]
[White "Chuprikov, Dmitry"]
[Black "Testova, Victoria"]
[Result "1/2-1/2"]
[WhiteElo "2406"]
[BlackElo "1960"]
[Annotator ""]
[Source ""]
[Remark ""]

1.d4 Nf6 2.c4 e6 3.Nc3 d5 4.cxd5 exd5 5.Bg5 Nbd7 6.e3 Bd6 7.Nf3
O-O 8.Bd3 Re8 9.h3 Nf8 10.O-O c6 11.Qc2 h6 1/2-1/2

[Event "Voronezh Region Chess Club Championship 2011"]
[Site "Voronezh (Russia)"]
[Date "2011.11.22"]
[Round "1.2"]
[White "Koshelev, Vladimir"]
[Black "Kostin, Alexey"]
[Result "0-1"]
[WhiteElo "1936"]
[BlackElo "2333"]
[Annotator ""]
[Source ""]
[Remark ""]

1.d4 Nf6 2.Nf3 e6 3.e3 b6 4.Bd3 Bb7 5.O-O Be7 6.c4 c5 7.dxc5
bxc5 8.b3 O-O 9.Bb2 d6 10.Nbd2 a5 11.a3 Qb6 12.Rb1 Nbd7 13.Qc2
Rfd8 14.e4 Bc6 15.Rfe1 a4 16.b4 cxb4 17.axb4 a3 18.Bd4 Qc7 19.Qa2
Ne5 20.Rb3 Nxd3 21.Rxd3 Qb7 22.Bxf6 gxf6 23.b5 Be8 24.Rxa3 d5
25.Rxa8 Rxa8 26.Qc2 dxc4 27.Nd4 Bb4 28.Rb1 Bxd2 29.Qxd2 Qxe4
30.Re1 Qd5 31.Qf4 Qe5 32.Rxe5 Ra1+ 0-1

[Event "Voronezh Region Chess Club Championship 2011"]
[Site "Voronezh (Russia)"]
[Date "2011.11.22"]
[Round "1.3"]
[White "Lukovnikov, Alexander"]
[Black "Popov, Kirill"]
[Result "1-0"]
[WhiteElo "2314"]
[BlackElo "1895"]
[Annotator ""]
[Source ""]
[Remark ""]

1.e4 c5 2.Nf3 e6 3.d4 cxd4 4.Nxd4 a6 5.Nc3 Qc7 6.Bd3 Nf6 7.O-O
Nc6 8.Be3 Bd6 9.Nxc6 dxc6 10.f4 e5 11.f5 b5 12.a4 b4 13.Nb1 h5
14.h3 Qe7 15.Nd2 Bc5 16.Qe2 a5 17.Rf2 Qa7 18.Nc4 Ba6 19.Bxc5
Qxc5 20.Ne3 1-0

[Event "Voronezh Region Chess Club Championship 2011"]
[Site "Voronezh (Russia)"]
[Date "2011.11.22"]
[Round "1.4"]
[White "Leun, Victor"]
[Black "Peschansky, Mikhail"]
[Result "0-1"]
[WhiteElo "1883"]
[BlackElo "2289"]
[Annotator ""]
[Source ""]
[Remark ""]

1.e4 g6 2.Nc3 c5 3.d3 Bg7 4.g3 Nc6 5.Bg2 e6 6.f4 Nge7 7.Nf3 O-O
8.O-O d5 9.Ne2 e5 10.exd5 Nxd5 11.fxe5 Nxe5 12.Rb1 Ng4 13.Qd2
Bh6 14.Qe1 Nde3 15.Bxe3 Nxe3 16.Qd2 Re8 17.Rbe1 Kg7 18.Qc3+ f6
19.Nf4 Nxf1 20.Kxf1 Rxe1+ 21.Qxe1 Bxf4 22.gxf4 Bg4 23.Nd2 Qc7
24.Qf2 Rd8 25.Ne4 Rd4 26.Qg3 f5 27.c3 Ra4 28.Kg1 fxe4 29.Qxg4
exd3 0-1

[Event "Voronezh Region Chess Club Championship 2011"]
[Site "Voronezh (Russia)"]
[Date "2011.11.22"]
[Round "1.5"]
[White "Manelis, Vladimir"]
[Black "Zhileykin, Andrey"]
[Result "1/2-1/2"]
[WhiteElo "2283"]
[BlackElo "1845"]
[Annotator ""]
[Source ""]
[Remark ""]

1.e4 d5 2.exd5 Nf6 3.Bb5+ Bd7 4.Bc4 Bg4 5.f3 Bc8 6.Nc3 Nbd7 7.Nge2
Nb6 8.Bb3 Nbxd5 9.Nxd5 Nxd5 10.d4 e6 11.O-O Be7 12.c4 Nb6 13.Be3
O-O 14.Kh1 Nd7 15.Qd2 c5 16.d5 exd5 17.cxd5 b5 18.Nc3 Ba6 19.Ne4
c4 20.Bc2 Nf6 21.d6 Nxe4 22.dxe7 Nxd2 23.exd8Q Rfxd8 24.Rf2 c3
25.bxc3 Nc4 26.Bc5 Bb7 27.Re1 a6 28.Rfe2 Bc6 29.Kg1 Re8 30.Rxe8+
Rxe8 31.Rxe8+ Bxe8 32.Be4 g6 33.Kf2 f5 34.Bd5+ Kg7 35.Ke2 Kf6
36.f4 h6 37.Kd3 Nb2+ 38.Kd4 g5 39.Bf8 Kg6 40.g3 gxf4 41.gxf4
h5 42.Ba3 Nc4 43.Be7 Nb2 44.Bd8 Bf7 45.Bxf7+ Kxf7 46.Bc7 Ke6
47.Kc5 Na4+ 48.Kb4 Kd5 49.a3 Kc6 50.Bd8 Nb6 51.Bxb6 Kxb6 52.c4
Kc6 53.cxb5+ axb5 54.Kb3 Kd5 55.Kb4 Ke4 56.Kxb5 Kxf4 57.a4 Kg4
58.a5 f4 59.a6 f3 60.a7 f2 61.a8Q f1Q+ 62.Kb4 Qe1+ 63.Kc4 Qe2+
64.Kc3 Qe5+ 65.Kd2 Qxh2+ 66.Ke1 Qg1+ 67.Ke2 Qh2+ 68.Kf1 1/2-1/2

[Event "Voronezh Region Chess Club Championship 2011"]
[Site "Voronezh (Russia)"]
[Date "2011.11.22"]
[Round "1.6"]
[White "Kuzmin, Vitaly"]
[Black "Manukovsky, Vladimir"]
[Result "0-1"]
[WhiteElo "1832"]
[BlackElo "2234"]
[Annotator ""]
[Source ""]
[Remark ""]

1.d4 Nf6 2.Nf3 c5 3.c3 b6 4.Bf4 Bb7 5.e3 Nh5 6.Bxb8 Qxb8 7.Be2
g6 8.O-O Bg7 9.Nfd2 Nf6 10.Bf3 O-O 11.Bxb7 Qxb7 12.Qf3 d5 13.Na3
Rac8 14.Nc2 Rfe8 15.c4 cxd4 16.Nxd4 e5 17.Nb5 Qd7 18.Na3 e4 19.Qe2
Ng4 20.Rab1 f5 21.h3 Ne5 22.cxd5 Qxd5 23.Nb3 Nd3 24.Rfd1 Red8
25.Nc2 a5 26.Ne1 a4 27.Nxd3 exd3 0-1

[Event "Voronezh Region Chess Club Championship 2011"]
[Site "Voronezh (Russia)"]
[Date "2011.11.22"]
[Round "1.7"]
[White "Provkin, Vladimir"]
[Black "Klimentov, Evgeny"]
[Result "1-0"]
[WhiteElo "2233"]
[BlackElo "1760"]
[Annotator ""]
[Source ""]
[Remark ""]

1.d4 Nf6 2.Bg5 e6 3.e4 Be7 4.Nc3 O-O 5.Nf3 b6 6.Bd3 Bb7 7.Qe2
Nc6 8.a3 a6 9.h4 b5 10.Bxf6 gxf6 11.e5 Kh8 12.Qe4 f5 13.Qf4 b4
14.Ne2 bxa3 15.bxa3 Rg8 16.Ng5 Qe8 17.g4 fxg4 18.Nxf7+ Kg7 19.Rg1
Bxh4 20.Rxg4+ 1-0

[Event "Voronezh Region Chess Club Championship 2011"]
[Site "Voronezh (Russia)"]
[Date "2011.11.22"]
[Round "1.8"]
[White "Belov, Yury"]
[Black "Grishchenko, Vladimir"]
[Result "0-1"]
[WhiteElo "1746"]
[BlackElo "2093"]
[Annotator ""]
[Source ""]
[Remark ""]

1.d4 Nf6 2.c4 g6 3.Nc3 d5 4.cxd5 Nxd5 5.Bd2 Bg7 6.e3 O-O 7.Nf3
Nc6 8.h3 e5 9.e4 Nxc3 10.Bxc3 exd4 11.Bd2 Re8 12.Bd3 Bf5 13.Ng5
Nb4 14.Qb3 Nxd3+ 15.Qxd3 h6 16.g4 Bd7 17.Nf3 Bc6 18.O-O Bxe4
19.Qb3 c5 20.Ne1 Bd5 21.Qc2 c4 22.Qc1 Qh4 23.Kh2 Re2 24.Ng2 Rxf2 0-1

[Event "Voronezh Region Chess Club Championship 2011"]
[Site "Voronezh (Russia)"]
[Date "2011.11.22"]
[Round "1.9"]
[White "Chernyshova, Natalia"]
[Black "Kozlov, Sergej A."]
[Result "1/2-1/2"]
[WhiteElo "2071"]
[BlackElo "1741"]
[Annotator ""]
[Source ""]
[Remark ""]

1.e4 c5 2.Nf3 e6 3.d4 cxd4 4.Nxd4 a6 5.Bd3 Bc5 6.Nb3 Ba7 7.Qe2
Nc6 8.Be3 b5 9.O-O d6 10.Bxa7 Rxa7 11.a4 b4 12.f4 Nf6 13.N1d2
a5 14.Bb5 Qb6+ 15.Kh1 O-O 16.Nc4 Qc7 17.Bxc6 Qxc6 18.Ncxa5 Qc7
19.e5 Ba6 20.exd6 Bxe2 21.dxc7 Bxf1 22.Rxf1 Rxc7 23.Nd4 Ra8 24.Nac6
Rxa4 25.b3 Ra6 26.Nxb4 Rb6 27.Ra1 Kf8 28.Nd3 Nd5 29.c4 Nb4 30.Ne5
f6 31.c5 Rbb7 32.Nxe6+ Ke7 33.Nxc7 fxe5 34.Na8 exf4 35.Nb6 Nd3
36.Nd5+ Kd7 37.b4 Kc6 38.Nb6 Nxb4 1/2-1/2

[Event "Voronezh Region Chess Club Championship 2011"]
[Site "Voronezh (Russia)"]
[Date "2011.11.22"]
[Round "1.10"]
[White "Korotchenkov, Victor"]
[Black "Serdjukov, Sergey"]
[Result "0-1"]
[WhiteElo "1636"]
[BlackElo "2070"]
[Annotator ""]
[Source ""]
[Remark ""]

1.e4 d6 2.Nf3 Nf6 3.Nc3 c5 4.Bc4 e6 5.d3 a6 6.a3 b5 7.Ba2 Bb7
8.O-O Be7 9.Bg5 O-O 10.e5 Nfd7 11.Bxe7 Qxe7 12.exd6 Qxd6 13.Ne4
Qb6 14.Nfg5 h6 15.Nh3 Nc6 16.Nf4 Nce5 17.Re1 Rac8 18.Re3 Rfd8
19.c3 Nf8 20.Qe2 Neg6 21.Nh5 f5 22.Neg3 Bd5 23.Bxd5 Rxd5 24.Re1
f4 25.Rxe6 Nxe6 26.Qxe6+ Qxe6 27.Rxe6 fxg3 28.Rxg6 Rxh5 0-1

[Event "Voronezh Region Chess Club Championship 2011"]
[Site "Voronezh (Russia)"]
[Date "2011.11.22"]
[Round "1.11"]
[White "Ioffe, Evgeny"]
[Black "Poluektova, Anastasia"]
[Result "1/2-1/2"]
[WhiteElo "2068"]
[BlackElo "1598"]
[Annotator ""]
[Source ""]
[Remark ""]

1.e4 c5 2.c3 d5 3.exd5 Qxd5 4.d4 Nc6 5.Nf3 Nf6 6.Na3 a6 7.dxc5
Qxd1+ 8.Kxd1 e5 9.b4 Ne4 10.Ke1 Nxc3 11.Bb2 Nd5 12.Nxe5 Ndxb4
13.Bc4 Nxe5 14.Bxe5 Bxc5 15.Bxg7 Rg8 16.Bf6 Rxg2 17.Bh4 Nc6 18.Bg3
Bxa3 19.Bd5 Rxg3 20.hxg3 Bf5 21.Rh6 Bg6 22.Rh4 Rd8 23.Rd1 Rd7
24.Bxc6 bxc6 25.Rxd7 Kxd7 26.Ra4 Bf8 27.Rxa6 Kc7 28.Ra8 Bg7 29.Kd2
c5 30.f4 h5 31.f5 Bh6+ 32.Kc3 Bxf5 33.Ra7+ Kb8 34.Rxf7 Be6 35.Rh7
Be3 36.Rxh5 Bd4+ 37.Kd2 Bxa2 38.Rh7 Bc4 39.g4 Kc8 40.g5 1/2-1/2

[Event "Voronezh Region Chess Club Championship 2011"]
[Site "Voronezh (Russia)"]
[Date "2011.11.23"]
[Round "2.1"]
[White "Kostin, Alexey"]
[Black "Sokolovsky, Victor"]
[Result "1-0"]
[WhiteElo "2333"]
[BlackElo "2037"]
[Annotator ""]
[Source ""]
[Remark ""]

1.e4 e5 2.Nf3 Nc6 3.Bc4 Nf6 4.Ng5 d5 5.exd5 Na5 6.Bb5+ c6 7.dxc6
bxc6 8.Qf3 Bd7 9.Bd3 h6 10.Ne4 Nxe4 11.Bxe4 Bd6 12.d3 O-O 13.Bf5
e4 14.dxe4 Nc4 15.O-O Ne5 16.Qh3 Rb8 17.Rd1 Qc7 18.Nc3 Bxf5 19.exf5
Rfe8 20.f6 Ng6 21.fxg7 Kxg7 22.Bxh6+ Kg8 23.Re1 Be5 24.Ne4 Bxb2
25.Rad1 Bg7 26.Bxg7 Kxg7 27.Ng5 Rxe1+ 28.Rxe1 Qf4 29.Qh7+ Kf6
30.h4 Qxh4 31.Ne4+ Ke7 32.Qg7 Rf8 33.Ng5+ Kd7 34.Nxf7 1-0

[Event "Voronezh Region Chess Club Championship 2011"]
[Site "Voronezh (Russia)"]
[Date "2011.11.23"]
[Round "2.2"]
[White "Chernov, Vladimir"]
[Black "Lukovnikov, Alexander"]
[Result "0-1"]
[WhiteElo "2018"]
[BlackElo "2314"]
[Annotator ""]
[Source ""]
[Remark ""]

1.e4 e5 2.Nf3 Nc6 3.Bb5 f5 4.d3 fxe4 5.dxe4 Nf6 6.O-O Bc5 7.Bg5
d6 8.Nc3 O-O 9.Nd5 Kh8 10.c3 Ne7 11.Nxf6 gxf6 12.Bh6 Rg8 13.Bc4
Rg6 14.Qd2 Qd7 15.Kh1 Qg4 16.Rg1 Bxf2 17.Nxe5 dxe5 18.Qd8+ Ng8
19.Bxg8 Bf5 20.Qxa8 Rxg8 21.Qxg8+ Kxg8 22.Rgf1 Qh4 0-1

[Event "Voronezh Region Chess Club Championship 2011"]
[Site "Voronezh (Russia)"]
[Date "2011.11.23"]
[Round "2.3"]
[White "Peschansky, Mikhail"]
[Black "Kornilov, Peter"]
[Result "1-0"]
[WhiteElo "2289"]
[BlackElo "2034"]
[Annotator ""]
[Source ""]
[Remark ""]

1.Nf3 c5 2.c4 Nf6 3.g3 Nc6 4.Bg2 e6 5.O-O Be7 6.d4 cxd4 7.Nxd4
a6 8.Nc3 O-O 9.b3 Qc7 10.Bb2 d6 11.Rc1 Ne5 12.h3 Rb8 13.e3 Ng6
14.f4 Qa5 15.Qd2 Rd8 16.Rfd1 Kh8 17.Ne4 Qxd2 18.Nxd2 e5 19.N4f3
exf4 20.exf4 h6 21.Nf1 Ne4 22.f5 Nf8 23.Nd4 Nf6 24.Bd5 Kg8 25.g4
N6h7 26.Ne2 Ng5 27.Kg2 Bf6 28.Bxf6 1-0

[Event "Voronezh Region Chess Club Championship 2011"]
[Site "Voronezh (Russia)"]
[Date "2011.11.23"]
[Round "2.4"]
[White "Manukovsky, Vladimir"]
[Black "Avtsynov, Artyom"]
[Result "1-0"]
[WhiteElo "2234"]
[BlackElo "2011"]
[Annotator ""]
[Source ""]
[Remark ""]

1.c4 g6 2.Nc3 Bg7 3.d4 Nf6 4.e4 O-O 5.Be2 d6 6.Bg5 c5 7.d5 a6
8.Qd2 Nbd7 9.h4 Rb8 10.a4 Qa5 11.Ra2 Ne5 12.h5 Qb4 13.hxg6 fxg6
14.f3 Nxc4 15.Bxc4 Qxc4 16.Nge2 b5 17.axb5 axb5 18.Qc2 Qb4 19.Bd2
c4 20.Nd4 Qc5 21.Nc6 Rb7 22.Ra5 Ng4 23.Nd1 Be5 24.Ke2 e6 25.b4
cxb3 26.Qxc5 dxc5 27.fxg4 Bc7 28.Ra8 Bb6 29.d6 e5 30.Rxc8 Rxc8
31.Ne7+ Rxe7 32.dxe7 Re8 33.Bg5 c4 34.Nc3 Bc5 35.Nd5 Bxe7 36.Nxe7+
Kg7 37.Nd5 Ra8 38.Bf6+ Kg8 39.Bxe5 Ra2+ 40.Ke3 Rxg2 41.Rf1 h5
42.Ne7+ Kh7 43.g5 1-0

[Event "Voronezh Region Chess Club Championship 2011"]
[Site "Voronezh (Russia)"]
[Date "2011.11.23"]
[Round "2.6"]
[White "Grishchenko, Vladimir"]
[Black "Artemov, Nikita"]
[Result "1-0"]
[WhiteElo "2093"]
[BlackElo "1968"]
[Annotator ""]
[Source ""]
[Remark ""]

1.e4 e5 2.Nc3 Nf6 3.g3 Bc5 4.Bg2 Nc6 5.h3 d6 6.Nge2 Be6 7.Nd5
Bxd5 8.exd5 Nd4 9.c3 Nxe2 10.Qxe2 O-O 11.d3 Nd7 12.O-O f5 13.Kh2
f4 14.gxf4 Qh4 15.Qg4 Qxg4 16.hxg4 exf4 17.d4 Bb6 18.Bf3 g5 19.Bd2
Nf6 20.a4 a5 21.Rad1 Rfe8 22.Rfe1 Kf7 23.Rxe8 Rxe8 24.Re1 Rxe1
25.Bxe1 Kg6 26.Kh3 Kf7 27.Bd2 Ke7 28.Bc1 Kf7 29.Bxf4 gxf4 30.g5
Ne8 31.Be4 c5 32.dxc6 bxc6 33.Kg4 Ng7 34.Kxf4 Bd8 35.Kg4 d5 36.Bxh7
Ke6 37.f4 c5 38.f5+ 1-0

[Event "Voronezh Region Chess Club Championship 2011"]
[Site "Voronezh (Russia)"]
[Date "2011.11.23"]
[Round "2.9"]
[White "Ognerubova, Anastasia"]
[Black "Manelis, Vladimir"]
[Result "0-1"]
[WhiteElo "2036"]
[BlackElo "2283"]
[Annotator ""]
[Source ""]
[Remark ""]

1.e4 c5 2.Nf3 e6 3.d4 cxd4 4.Nxd4 Qb6 5.Nc3 Bc5 6.Na4 Qa5+ 7.c3
Bxd4 8.Qxd4 e5 9.Qd1 Nf6 10.Bd3 d6 11.b4 Qc7 12.O-O Be6 13.f4
Nbd7 14.f5 Bc4 15.Bg5 O-O 16.Nb2 Bxd3 17.Qxd3 Rac8 18.Rac1 Qc6
19.Rfe1 d5 20.exd5 Nxd5 21.a3 h6 22.Bd2 N5f6 23.c4 e4 24.Qg3
Rfe8 25.Bc3 Re7 26.c5 b5 27.cxb6 Qxb6+ 28.Kh1 Rc6 29.Nc4 Qc7
30.Qxc7 Rxc7 31.Ne3 Rb7 32.Bd4 Ne5 33.Rc8+ Kh7 34.Kg1 Rbd7 35.Bc5
Re8 36.Rxe8 Nxe8 37.Nc2 Nf6 38.Bd4 Re7 39.Bxe5 Rxe5 40.Ne3 Re7
41.Rc1 Rd7 42.Kf2 Rd2+ 43.Ke1 Rd3 44.Nc4 h5 45.a4 Kh6 46.h4 Nd5
47.Ne5 Rb3 48.Nxf7+ Kh7 49.Rc8 g6 50.Ng5+ Kg7 51.fxg6 e3 52.b5
Nf4 53.Rc1 Nd3+ 54.Kd1 e2+ 55.Kd2 Nxc1 56.Ne6+ 0-1

[Event "Voronezh Region Chess Club Championship 2011"]
[Site "Voronezh (Russia)"]
[Date "2011.11.23"]
[Round "2.10"]
[White "Testova, Victoria"]
[Black "Chernyshova, Natalia"]
[Result "1-0"]
[WhiteElo "1960"]
[BlackElo "2071"]
[Annotator ""]
[Source ""]
[Remark ""]

1.e4 e6 2.d3 d5 3.Nd2 Be7 4.Ngf3 Nf6 5.g3 c5 6.Bg2 Nc6 7.O-O
O-O 8.e5 Nd7 9.Re1 Qc7 10.Qe2 Re8 11.Nf1 b6 12.h4 Ba6 13.c3 Rac8
14.Bf4 Nf8 15.h5 Red8 16.N1h2 b5 17.Rac1 b4 18.Ng4 bxc3 19.bxc3
Rb8 20.Ng5 Rb6 21.Nf6+ Bxf6 22.exf6 e5 23.fxg7 Ne6 24.Nxe6 fxe6
25.Bg5 Qxg7 26.Bxd8 Nxd8 27.Qxe5 Qxe5 28.Rxe5 Nf7 29.Re3 d4 30.cxd4
cxd4 31.Re4 e5 32.Rg4+ Kf8 33.Be4 Rh6 34.Rc7 Rxh5 35.Rxa7 Bc8
36.Ra8 Nd6 37.Bd5 Ke7 38.Ra7+ Kf6 39.Rgg7 Bf5 40.g4 1-0

[Event "Voronezh Region Chess Club Championship 2011"]
[Site "Voronezh (Russia)"]
[Date "2011.11.23"]
[Round "2.11"]
[White "Zhileykin, Andrey"]
[Black "Ioffe, Evgeny"]
[Result "1-0"]
[WhiteElo "1845"]
[BlackElo "2068"]
[Annotator ""]
[Source ""]
[Remark ""]

1.d4 d5 2.c4 c6 3.Nc3 Nf6 4.Nf3 dxc4 5.e3 b5 6.a4 b4 7.Na2 e6
8.Bxc4 Nbd7 9.O-O Bb7 10.Bd2 a5 11.Nc1 c5 12.Bb5 cxd4 13.Nxd4
Be7 14.Ncb3 Qb6 15.Rc1 O-O 16.Qe2 Rac8 17.Rxc8 Rxc8 18.Rc1 Nc5 1-0

[Event "Voronezh Region Chess Club Championship 2011"]
[Site "Voronezh (Russia)"]
[Date "2011.11.23"]
[Round "2.12"]
[White "Kozlov, Sergej A."]
[Black "Lazarev, Alexandr"]
[Result "1-0"]
[WhiteElo "1741"]
[BlackElo "2007"]
[Annotator ""]
[Source ""]
[Remark ""]

1.d4 d5 2.c4 e6 3.Nc3 Nf6 4.Bg5 Bb4 5.g3 O-O 6.Bg2 c6 7.Nf3 Qa5
8.Bd2 Ne4 9.Nxe4 dxe4 10.Ng5 Rd8 11.Bxb4 Qxb4+ 12.Qd2 Qxc4 13.Bxe4
f5 14.Bd3 Qxd4 15.O-O Na6 16.a3 Nc5 17.Rad1 e5 18.Bc4+ Kf8 19.Qc2 1-0

[Event "Voronezh Region Chess Club Championship 2011"]
[Site "Voronezh (Russia)"]
[Date "2011.11.23"]
[Round "2.13"]
[White "Poluektova, Anastasia"]
[Black "Volk, Sergey"]
[Result "0-1"]
[WhiteElo "1598"]
[BlackElo "2020"]
[Annotator ""]
[Source ""]
[Remark ""]

1.e4 e5 2.Nf3 Nc6 3.Bb5 a6 4.Ba4 Nf6 5.O-O Be7 6.Re1 b5 7.Bb3
O-O 8.c3 d6 9.h3 Nb8 10.d4 Nbd7 11.Nbd2 Bb7 12.Bc2 Re8 13.Nf1
Bf8 14.Ng3 g6 15.Bg5 h6 16.Bd2 Bg7 17.Nh2 d5 18.dxe5 Nxe4 19.Nxe4
dxe4 20.Bxe4 Bxe4 21.Rxe4 Nxe5 22.Qc2 Qd3 23.Qxd3 Nxd3 24.Rxe8+
Rxe8 25.Nf3 Nxb2 26.Kf1 Nc4 27.Be1 Rd8 28.Ke2 Ne5 29.Nxe5 Bxe5
30.Rd1 Rxd1 31.Kxd1 Kf8 32.Kc2 Ke7 33.Kb3 Kd6 34.c4 Kc5 35.cxb5
axb5 36.h4 h5 37.g3 Kd5 38.Kb4 c6 39.f3 Bd6+ 40.Ka5 Kc4 41.Kb6
Kd5 42.Ka5 Bc5 43.Ka6 Be3 44.Kb7 c5 45.Kb6 b4 46.Kb5 f5 47.Ka4
Kc4 48.Ka5 Kd3 49.g4 f4 0-1

[Event "Voronezh Region Chess Club Championship 2011"]
[Site "Voronezh (Russia)"]
[Date "2011.11.23"]
[Round "2.14"]
[White "Filippov, Vladimir"]
[Black "Korotchenkov, Victor"]
[Result "1/2-1/2"]
[WhiteElo "2027"]
[BlackElo "1636"]
[Annotator ""]
[Source ""]
[Remark ""]

1.Nf3 Nf6 2.b3 Nc6 3.Bb2 d5 4.e3 Bg4 5.d4 e6 6.Bd3 Ne4 7.O-O
Qf6 8.a3 Bd6 9.Be2 h5 10.c4 h4 11.h3 Bf5 12.Nh2 g5 13.cxd5 exd5
14.Nc3 a6 15.Ng4 Qe6 16.Nxe4 Bxe4 17.f3 Bf5 18.Qd2 O-O-O 19.Bd3
Bxd3 20.Qxd3 f5 21.Nf2 Rde8 22.Bc1 Rhg8 23.Bd2 Bg3 24.b4 g4 25.fxg4
Bxf2+ 26.Rxf2 fxg4 27.hxg4 Rxg4 28.Raf1 h3 29.Qh7 Rg3 30.Qh4
Qg6 31.Kh2 Rg5 32.g3 Nd8 33.Rf6 Qg7 34.Qxh3+ Kb8 35.Rh6 Rxg3
36.Qxg3 1/2-1/2

[Event "Voronezh Region Chess Club Championship 2011"]
[Site "Voronezh (Russia)"]
[Date "2011.11.24"]
[Round "3.1"]
[White "Manukovsky, Vladimir"]
[Black "Kostin, Alexey"]
[Result "1-0"]
[WhiteElo "2234"]
[BlackElo "2333"]
[Annotator ""]
[Source ""]
[Remark ""]

1.d4 Nf6 2.Nf3 e6 3.Bg5 Be7 4.Nbd2 b6 5.e4 Bb7 6.Bd3 d5 7.Qe2
dxe4 8.Nxe4 Nbd7 9.O-O-O Nd5 10.Bd2 O-O 11.h4 N7f6 12.h5 Qc8
13.g4 Nxe4 14.Bxe4 Nf6 15.Bd3 Nxg4 16.Rdg1 e5 17.Nxe5 Bxh1 18.Nxg4
Qd8 19.Rxh1 Qd5 20.Rg1 Qxa2 21.c3 Rae8 22.Bb1 Qd5 23.Qd3 f5 24.Nh6+
Kh8 25.Nxf5 Rf7 1-0

[Event "Voronezh Region Chess Club Championship 2011"]
[Site "Voronezh (Russia)"]
[Date "2011.11.24"]
[Round "3.2"]
[White "Lukovnikov, Alexander"]
[Black "Grishchenko, Vladimir"]
[Result "1-0"]
[WhiteElo "2314"]
[BlackElo "2093"]
[Annotator ""]
[Source ""]
[Remark ""]

1.e4 c5 2.Nf3 e6 3.c3 Qa5 4.Be2 Nf6 5.e5 Nd5 6.O-O Nf4 7.d4 Nxe2+
8.Qxe2 cxd4 9.cxd4 Nc6 10.Nc3 b6 11.Rd1 Nb4 12.Ng5 Bb7 13.Bd2
h6 14.a3 Qa6 15.Nb5 Nd5 16.Ne4 Be7 17.Nbd6+ Bxd6 18.Nxd6+ Kf8
19.Qf3 Kg8 20.Qxf7+ Kh7 21.Qxd7 Bc8 22.Qc6 Rb8 23.Qc2+ Kg8 24.Qg6 1-0

[Event "Voronezh Region Chess Club Championship 2011"]
[Site "Voronezh (Russia)"]
[Date "2011.11.24"]
[Round "3.3"]
[White "Provkin, Vladimir"]
[Black "Peschansky, Mikhail"]
[Result "1-0"]
[WhiteElo "2233"]
[BlackElo "2289"]
[Annotator ""]
[Source ""]
[Remark ""]

1.d4 d5 2.Nf3 e6 3.c4 Nf6 4.Qc2 c5 5.dxc5 Nc6 6.a3 Bxc5 7.e3
a5 8.Be2 d4 9.exd4 Nxd4 10.Nxd4 Qxd4 11.O-O Ng4 12.Bd1 O-O 13.Nc3
Ne5 14.Ne4 Ba7 15.Be2 f5 16.Ng5 Ng4 17.Nh3 Bd7 18.Bf4 Bc6 19.Rad1
Qf6 20.Bd6 Rfd8 21.c5 Rd7 22.b4 Rc8 23.Rfe1 b6 24.Bc4 Be4 25.Qb3
Re8 26.Bb5 Red8 27.Bxd7 Rxd7 28.Qg3 bxc5 29.bxc5 Qg6 30.Nf4 Qh6
31.Rxe4 Bxc5 32.Rxe6 Bxf2+ 33.Qxf2 Rxd6 34.Re8+ Kf7 35.Qa2+ Kxe8
36.Qg8+ Ke7 37.Re1+ Kf6 38.Qf8+ Kg5 39.Nh3+ Kh4 40.Qxf5 Rf6 41.Qe4
Qd2 42.Qxh7+ Qh6 43.Qe4 1-0

[Event "Voronezh Region Chess Club Championship 2011"]
[Site "Voronezh (Russia)"]
[Date "2011.11.24"]
[Round "3.5"]
[White "Manelis, Vladimir"]
[Black "Kozlov, Sergej A."]
[Result "1-0"]
[WhiteElo "2283"]
[BlackElo "1741"]
[Annotator ""]
[Source ""]
[Remark ""]

1.e4 e6 2.d4 d5 3.e5 c5 4.c3 Qb6 5.Bd3 Bd7 6.dxc5 Bxc5 7.Qe2
Nc6 8.Nf3 a5 9.O-O Nge7 10.Bf4 Ng6 11.Bg3 O-O 12.h4 Rfd8 13.h5
Nf8 14.h6 gxh6 15.Qd2 Ng6 16.Qxh6 Bf8 17.Qh5 Nce7 18.Nbd2 Bb5
19.c4 dxc4 20.Ne4 Nd5 21.Bc2 Bg7 22.Nfg5 h6 23.Nxf7 Kxf7 24.Nd6+
Kg8 25.Qxg6 Nc7 26.Bf4 Be8 27.Qh7+ Kf8 28.Bxh6 Bxh6 29.Qxh6+
Kg8 30.Qh7+ Kf8 31.Qh8+ Ke7 32.Qg7+ 1-0

[Event "Voronezh Region Chess Club Championship 2011"]
[Site "Voronezh (Russia)"]
[Date "2011.11.24"]
[Round "3.7"]
[White "Sokolovsky, Victor"]
[Black "Zhileykin, Andrey"]
[Result "1-0"]
[WhiteElo "2037"]
[BlackElo "1845"]
[Annotator ""]
[Source ""]
[Remark ""]

1.e4 d5 2.exd5 Nf6 3.Nf3 Nxd5 4.Bc4 e6 5.O-O Be7 6.d4 O-O 7.Nc3
Nb6 8.Bb3 N8d7 9.Qe2 Nf6 10.Bg5 Nfd5 11.Bxe7 Nxe7 12.Rad1 c6
13.Rfe1 Nbd5 14.Ne4 Ng6 15.c4 Nf6 16.Neg5 b6 17.Ne5 Qc7 18.Bc2
c5 19.Qf3 Rb8 20.Qh3 cxd4 21.Bxg6 hxg6 22.Rxd4 Nh5 23.g4 Nf6
24.Rf4 1-0

[Event "Voronezh Region Chess Club Championship 2011"]
[Site "Voronezh (Russia)"]
[Date "2011.11.24"]
[Round "3.8"]
[White "Kornilov, Peter"]
[Black "Popov, Kirill"]
[Result "1-0"]
[WhiteElo "2034"]
[BlackElo "1895"]
[Annotator ""]
[Source ""]
[Remark ""]

1.Nf3 Nf6 2.c4 g6 3.Nc3 Bg7 4.g3 O-O 5.Bg2 d6 6.d4 Nbd7 7.O-O
e5 8.dxe5 dxe5 9.Qc2 Qe7 10.Nd5 Nxd5 11.cxd5 Nb6 12.e4 f5 13.Be3
Qb4 14.Nd2 Rf7 15.Bc5 Qa4 16.b3 Qe8 17.Rad1 f4 18.f3 Nd7 19.Bf2
b6 20.Bh3 Nf6 21.Bxc8 Qxc8 22.Kg2 Bf8 23.Qc6 g5 24.Nc4 Qe8 25.Qxe8
Rxe8 26.g4 Bd6 27.Nxd6 cxd6 28.Rc1 Ree7 29.Rc6 Ne8 30.Rfc1 Rc7
31.a4 Rxc6 32.Rxc6 Rc7 33.Be1 Rxc6 34.dxc6 Kf7 35.a5 Ke6 36.axb6
axb6 37.Bf2 d5 38.exd5+ Kxd5 39.Bxb6 Kxc6 40.Bd8 Kb5 41.Be7 Nc7
42.Bxg5 Nd5 43.Bh6 Kb4 44.Bg7 Ne3+ 45.Kf2 e4 46.fxe4 Nxg4+ 47.Kf3
Nxh2+ 48.Kxf4 h5 49.e5 Kb5 50.b4 Kc6 51.e6 Kd6 52.Kf5 Ng4 53.Bf8+
Kc7 54.Kg5 1-0

[Event "Voronezh Region Chess Club Championship 2011"]
[Site "Voronezh (Russia)"]
[Date "2011.11.24"]
[Round "3.9"]
[White "Volk, Sergey"]
[Black "Klimentov, Evgeny"]
[Result "1-0"]
[WhiteElo "1845"]
[BlackElo "1760"]
[Annotator ""]
[Source ""]
[Remark ""]

1.Nf3 d6 2.g3 Nf6 3.Bg2 g6 4.O-O Bg7 5.c4 O-O 6.Nc3 Nc6 7.Rb1
a5 8.a3 e5 9.b4 axb4 10.axb4 Ne8 11.d3 h6 12.b5 Ne7 13.d4 Be6
14.dxe5 dxe5 15.Qxd8 Rxd8 16.Ba3 Nd6 17.Rfd1 Bxc4 18.b6 Ndc8
19.bxc7 Rxd1+ 20.Rxd1 b6 21.Rd8 Bf6 22.Nd2 Ba6 23.Nd5 Bg5 24.Ne4 1-0

[Event "Voronezh Region Chess Club Championship 2011"]
[Site "Voronezh (Russia)"]
[Date "2011.11.24"]
[Round "3.10"]
[White "Koshelev, Vladimir"]
[Black "Chernov, Vladimir"]
[Result "0-1"]
[WhiteElo "1936"]
[BlackElo "2018"]
[Annotator ""]
[Source ""]
[Remark ""]

1.e4 g6 2.d4 Bg7 3.g3 d5 4.e5 h5 5.Nf3 Bg4 6.h3 Bf5 7.Bd3 Bxd3
8.Qxd3 Qd7 9.Na3 c6 10.Bf4 Na6 11.c3 Nc7 12.Ng5 Ne6 13.Nxe6 Qxe6
14.O-O-O Nh6 15.Nc2 b5 16.Rde1 a5 17.a3 Nf5 18.Ne3 Nxe3 19.Bxe3
Kd7 20.f4 Qf5 21.Qxf5+ gxf5 22.Bd2 Bf8 23.g4 e6 24.Rhg1 b4 25.axb4
axb4 26.gxf5 exf5 27.cxb4 Rb8 28.Rg5 Ke6 29.Kc2 Bxb4 30.Bc3 Be7
31.Rgg1 Rhg8 32.Kd3 c5 33.dxc5 Bxc5 34.Rg5 Rxg5 35.fxg5 d4 36.Ba5
Rxb2 37.Rc1 Kd5 38.h4 Rb3+ 39.Kc2 Ra3 40.Be1 d3+ 41.Kb2 Ra4 42.Rd1
Bd4+ 43.Kb3 Ra1 44.Rxa1 Bxa1 45.e6 fxe6 46.Bc3 d2 47.Bxd2 Bg7
48.Kc2 Ke4 49.Be1 e5 0-1

[Event "Voronezh Region Chess Club Championship 2011"]
[Site "Voronezh (Russia)"]
[Date "2011.11.24"]
[Round "3.12"]
[White "Kuzmin, Vitaly"]
[Black "Polyansky, Viktor"]
[Result "1-0"]
[WhiteElo "1832"]
[BlackElo "2006"]
[Annotator ""]
[Source ""]
[Remark ""]

1.d4 f5 2.Nf3 Nf6 3.g3 d6 4.Bg2 g6 5.O-O Bg7 6.c4 O-O 7.Nc3 Nc6
8.d5 Na5 9.Qd3 c5 10.b3 h6 11.Bb2 Kh7 12.Rab1 Qe8 13.Nh4 Rb8
14.e4 f4 15.Ne2 b5 16.Nxf4 bxc4 17.bxc4 Rxb2 18.Rxb2 Ng4 19.Rb8
Ne5 20.Qe2 Qa4 21.Nhxg6 Nxg6 22.Nxg6 Kxg6 23.Rxc8 Rxc8 24.Qg4+
Kh7 25.Qf5+ Kg8 26.Qxc8+ Bf8 27.Qe6+ Kh8 28.Bh3 Nxc4 29.Qf7 Bg7
30.Be6 Kh7 31.Bf5+ Kh8 32.Qg6 Kg8 33.Qh7+ Kf7 34.Be6+ Kf6 35.Qf5# 1-0